Rozvoj kľúčových kompetencií technikov : Záverečná práca

Saved in:
Bibliographic Details
Main Author: Straková, Janka (Author)
Format: Manuscript Book
Language:Slovak
Published: Bratislava : STU v Bratislave MtF KIPP, 2006
Subjects:
Tags: Add Tag
No Tags, Be the first to tag this record!

MARC

LEADER 00000ntm a22000003a 4500
001 stu125558
005 20160719155504.8
008 060906s2006----xo------------------slo-d
040 |a STU  |b slo 
041 0 |a slo 
044 |a xo 
100 1 |a Straková, Janka  |4 aut 
245 1 |a Rozvoj kľúčových kompetencií technikov :  |b Záverečná práca 
260 |a Bratislava :  |b STU v Bratislave MtF KIPP,  |c 2006 
300 |a 39 s  |c 1 CD 
650 7 |a kľúčové kompetencie  |2 stusub 
650 7 |a inžinierska pedagogika  |2 stusub 
700 1 |a Kundrátová, Mariana,  |d 1948-  |4 csl  |u M220  |U MTF Ústav inžinierskej pedagogiky a humatitných vied  |T MTF Katedra inžinierskej pedagogiky a psychológie  |X 287  |U M220  |Y M220  |7 A000000287 
996 |b 284M073974  |c M*ZP-502  |l MMSKP  |s P  |a 0  |w stu125558_0001